[Event "Minsk Int"]
[Site "Minsk"]
[Date "1986.??.??"]
[Round "?"]
[White "Kosten, Anthony C"]
[Black "Mikhalchishin, Adrian"]
[Result "1/2-1/2"]
[WhiteElo "2405"]
[BlackElo "2525"]

1.e4 e5 2.Nf3 Nc6 3.Bb5 a6 4.Ba4 Nf6 5.O-O b5 6.Bb3 Bb7 7.Re1 Bc5 8.c3 d6
9.d4 Bb6 10.a3 O-O 11.Bc2 h6 12.b4 Re8 13.Bb2 d5 14.Nbd2 exd4 15.cxd4 dxe4
16.Nxe4 Nxd4 17.Nxf6+ Qxf6 18.Rxe8+ Rxe8 19.Nxd4 Rd8 20.Qd3 Bxd4 21.Bxd4 Qxd4
22.Qh7+ Kf8 23.Re1 g5 24.Qxh6+ Qg7 25.Qh5 Rd2 26.Bb3 Qf6 27.f3 Bd5 28.Bxd5 Rxd5  1/2-1/2

[Event "POL-chT"]
[Site "Porabka"]
[Date "1986.??.??"]
[Round "?"]
[White "Swic, Waldemar"]
[Black "Panczyk, Krzysztof"]
[Result "1/2-1/2"]
[WhiteElo "2320"]
[BlackElo "2410"]

1.e4 e5 2.Nf3 Nc6 3.Bb5 a6 4.Ba4 Nf6 5.O-O b5 6.Bb3 Bb7 7.d3 Be7 8.c4 bxc4
9.Bxc4 O-O 10.Nc3 d6 11.a3 Nd4 12.Be3 Nxf3+ 13.Qxf3 Rb8 14.Rad1 Kh8 15.Ba7 Rc8
16.Be3 Nd7 17.Qh3  1/2-1/2

[Event "POL-chT"]
[Site "Porabka"]
[Date "1986.??.??"]
[Round "?"]
[White "Bernard, Ryszard"]
[Black "Panczyk, Krzysztof"]
[Result "1/2-1/2"]
[WhiteElo "2365"]
[BlackElo "2410"]

1.e4 e5 2.Nf3 Nc6 3.Bb5 a6 4.Ba4 Nf6 5.O-O b5 6.Bb3 Bb7 7.d4 Nxd4 8.Nxd4 exd4
9.e5 Ne4 10.c3 d3 11.Qxd3 Nc5 12.Qg3 Nxb3 13.axb3 Qe7 14.Be3 O-O-O 15.Nd2 d6
16.exd6 Qxd6 17.Qxd6 Bxd6 18.b4 Rhe8 19.Nb3 Re6 20.Nc5 Bxc5 21.bxc5 Rg6 22.f3 Rd3
23.Kf2 Re6  1/2-1/2

[Event "BCF-ch"]
[Site "Southampton"]
[Date "1986.??.??"]
[Round "7"]
[White "Prasad, Devaki V"]
[Black "Flear, Glenn C"]
[Result "1/2-1/2"]
[WhiteElo "2410"]
[BlackElo "2505"]

1.e4 e5 2.Nf3 Nc6 3.Bb5 a6 4.Ba4 Nf6 5.O-O b5 6.Bb3 Bb7 7.d3 Be7 8.c4 bxc4
9.Bxc4 O-O 10.Nc3 d6 11.a3 Nd4 12.Nxd4 exd4 13.Nd5 Nxd5 14.exd5 Qd7 15.Qf3 Bf6
16.Bd2 Rae8 17.Rfe1 Be5 18.Rac1 Re7 19.Bg5 f6 20.Bd2 Kh8 21.Qh5 g5 22.g3 Rg7
23.Kh1 Qe6 24.Qf3 Qh3 25.Qg2 Qh5 26.b4 Bc8 27.f3 Bb7 28.Rf1 Qf7 29.f4 gxf4
30.Bxf4 Qh5 31.Kg1 Rg4 32.Bxe5 dxe5 33.Bb3 Rg7 34.Qe4 Qh6 35.Rc2 Rd8 36.Rfc1 Rdd7
37.Qe2 Qh3 38.Qf1 Qh6 39.Qe2 Qh3 40.Qf1  1/2-1/2

[Event "BCF-ch"]
[Site "Southampton"]
[Date "1986.??.??"]
[Round "11"]
[White "Mestel, A Jonathan"]
[Black "Flear, Glenn C"]
[Result "1/2-1/2"]
[WhiteElo "2505"]
[BlackElo "2505"]

1.e4 e5 2.Nf3 Nc6 3.Bb5 a6 4.Ba4 Nf6 5.O-O b5 6.Bb3 Bb7 7.d3 Be7 8.c4 bxc4
9.Bxc4 O-O 10.Nc3 d6 11.Qa4 Nd7 12.Nd5 Nc5 13.Qa3 Ne6 14.Be3 Kh8 15.Rac1 Ncd4
16.Nxd4 Nxd4 17.Bxd4 exd4 18.Nxe7 Qxe7 19.b4 h6 20.Qa5 Ra7 21.Rc2 f5 22.exf5 Bf3
23.f6 Qxf6 24.Bd5 Bxd5 25.Qxd5 Re8 26.Rc4 Re2 27.Rxd4 a5 28.b5 Re5 29.Qc6 Rxb5
30.Rxd6 cxd6 31.Qxb5 Qd4 32.Qe8+ Kh7 33.Qe4+ Qxe4 34.dxe4 Rc7 35.Rd1 Rc2
36.h4 Rxa2 37.Rxd6 a4 38.f3 a3 39.Ra6 h5 40.Kh2 Kg8 41.Ra5 g6 42.Ra7 Kf8
43.Kh3 Kg8 44.Kg3 Kf8 45.Kf4 Rxg2 46.Rxa3 Kg7 47.Ra7+ Kf6 48.Ra6+ Kg7 49.e5 Kf7
50.Ra4 Ke6 51.Re4 Rg1 52.Re2 Kf7 53.e6+ Ke7 54.Re3 Rg2 55.Re1 Rf2 56.Kg5 Rg2+
57.Kh6 Rg3 58.Re5 Rxf3 59.Kxg6 Rg3+ 60.Kxh5 Rg8 61.Kh6 Rh8+ 62.Kg5 Rg8+ 63.Kf5 Rf8+
64.Kg6 Rg8+ 65.Kh7 Rg4 66.h5 Rg1 67.h6 Rg2 68.Kh8 Rg1 69.h7 Rg2 70.Re1 Rg3
71.Rf1 Kxe6 72.Rf8 Ra3 73.Rf7  1/2-1/2

[Event "Szirak"]
[Site "Szirak"]
[Date "1986.??.??"]
[Round "?"]
[White "Rogers, Ian"]
[Black "Flear, Glenn C"]
[Result "1-0"]
[WhiteElo "2515"]
[BlackElo "2505"]

1.e4 e5 2.Nf3 Nc6 3.Bb5 a6 4.Ba4 Nf6 5.O-O b5 6.Bb3 Bb7 7.Re1 Bc5 8.c3 d6
9.d4 Bb6 10.Bg5 h6 11.Bh4 Qd7 12.a4 O-O-O 13.axb5 axb5 14.Bxf6 gxf6 15.Bd5 f5
16.Qd3 fxe4 17.Qxb5 exd4 18.Nxd4 Nb8 19.Bxb7+ Kxb7 20.Rxe4 Qxb5 21.Nxb5 Rhe8
22.Nd2 Rxe4 23.Nxe4 Kc6 24.Na3 Re8 25.Ng3 Nd7 26.Nc4 Bc5 27.Kf1 d5 28.Nd2 Rb8
29.b4 Be7 30.Nb3 Bf6 31.Rd1 Nb6 32.Rd3 Na4 33.Ne2 Kd6 34.Rf3 Ke7 35.Ned4 Bxd4
36.Nxd4 Rb6 37.g4 c5 38.Nf5+ Ke8 39.Rf4 d4 40.Re4+ Re6  1-0

[Event "Szirak"]
[Site "Szirak"]
[Date "1986.??.??"]
[Round "?"]
[White "Hazai, Laszlo"]
[Black "Flear, Glenn C"]
[Result "1/2-1/2"]
[WhiteElo "2480"]
[BlackElo "2505"]

1.e4 e5 2.Nf3 Nc6 3.Bb5 a6 4.Ba4 Nf6 5.O-O b5 6.Bb3 Bb7 7.c3 Nxe4 8.d4 Be7
9.Qe2 d5 10.dxe5 O-O 11.Nbd2 Nc5 12.Nd4 Nxd4 13.cxd4 Ne6 14.Nf3 Qd7 15.Be3 Rae8
16.Qd2 Kh8 17.Rad1 f5 18.exf6 Bxf6 19.Ne5 Bxe5 20.dxe5 d4 21.Bxd4 Rd8 22.Bxe6 Qxe6
23.Qg5 h6 24.Qg3 Rd7 25.Bc3 Rfd8 26.Rxd7 Rxd7 27.a3 c5 28.h3 Be4 29.f4 b4  1/2-1/2

[Event "AUT-ch"]
[Site "Austria"]
[Date "1987.??.??"]
[Round "2"]
[White "Klinger, Josef"]
[Black "Baumgartner, Heinz"]
[Result "0-1"]
[WhiteElo "2490"]
[BlackElo "2335"]

1.e4 e5 2.Nf3 Nc6 3.Bb5 a6 4.Ba4 Nf6 5.O-O b5 6.Bb3 Bb7 7.Qe2 Bc5 8.c3 d6
9.Rd1 Qe7 10.d3 O-O-O 11.a4 b4 12.Be3 Na5 13.Nbd2 Rhe8 14.Rac1 d5 15.Bxc5 Qxc5
16.Nxe5 Nxe4 17.Qg4+ Kb8 18.Nxe4 dxe4 19.Nd7+ Rxd7 20.Qxd7 Bc6 21.Qxf7 Qg5
22.h4 Qxh4 23.cxb4 Re7 24.Qf8+ Re8 25.Qxg7 e3 26.fxe3 Qxb4 27.Qc3 Qb6 28.d4 Bxg2
29.Bf7 Re7 30.Kxg2 Rxf7 31.Qe1 Qf6 32.Qe2 Qg5+ 33.Kh1 Rf6 34.Qh2 Rh6 35.Re1 Nc4
36.Qxh6 Qxh6+ 37.Kg2 Nxe3+ 38.Kf3 Nf5 39.Ke4 Qe6+ 40.Kd3 Qb3+ 41.Rc3 Qxa4
42.Re4 Qd1+  0-1

[Event "AUT-ch"]
[Site "Austria"]
[Date "1987.??.??"]
[Round "9"]
[White "Petschar, Kurt"]
[Black "Roth, Peter"]
[Result "0-1"]
[WhiteElo "2285"]
[BlackElo "2365"]

1.e4 e5 2.Nf3 Nc6 3.Bb5 a6 4.Ba4 Nf6 5.O-O b5 6.Bb3 Bb7 7.d3 Bc5 8.Be3 d6
9.Nc3 Qd7 10.a4 b4 11.Nd5 Nd4 12.Nxf6+ gxf6 13.Nxd4 exd4 14.Bd2 f5 15.Qh5 fxe4
16.Bd5 O-O-O 17.Bxe4 Bxe4 18.dxe4 Qe6 19.Qf3 Rde8 20.Rfe1 Rhg8 21.g3 Rg4
22.h3 Rxe4 23.Rxe4 Qxe4 24.Qxf7 Re5 25.Qc4 Qe2 26.Qd3 b3 27.Re1 Qxd3 28.cxd3 Rxe1+
29.Bxe1 Ba3 30.Kf1 Bxb2 31.Ke2 Bc3 32.Bxc3 dxc3 33.Kd1 c5 34.f4 Kd7 35.f5 Ke7
36.g4 Kf6 37.Kc1 d5 38.Kb1 d4  0-1

[Event "Bilbao"]
[Site "Bilbao"]
[Date "1987.??.??"]
[Round "?"]
[White "Karpov, Anatoly"]
[Black "Fernandez Garcia, Jose L"]
[Result "1-0"]
[WhiteElo "2710"]
[BlackElo "2450"]

1.e4 e5 2.Nf3 Nc6 3.Bb5 a6 4.Ba4 Nf6 5.O-O b5 6.Bb3 Bb7 7.Re1 Bc5 8.c3 Bb6
9.a4 O-O 10.d3 h6 11.axb5 axb5 12.Rxa8 Qxa8 13.Na3 Qa7 14.Re2 Ng4 15.d4 exd4
16.Nxb5 Qa8 17.cxd4 Ba6 18.Bc4 d5 19.exd5 Bxb5 20.Bxb5 Nxd4 21.Nxd4 Qxd5
22.Rd2 Nxf2 23.Kxf2 Qxb5 24.b3 Qe5 25.Kg1 Re8 26.Bb2 Re6 27.g3 Rd6 28.b4 Qe4
29.Rd3 h5 30.h4 Rf6 31.Qd2 Qf5 32.Qe2 Re6 33.Qf3 Qg6 34.Kg2 Rf6 35.Qe2 Rd6
36.Bc3 Kh7 37.Rd2 Rf6  1-0

[Event "Brussels blitz"]
[Site "Brussels"]
[Date "1987.??.??"]
[Round "?"]
[White "Tal, Mihail"]
[Black "Timman, Jan H"]
[Result "1/2-1/2"]
[WhiteElo "2605"]
[BlackElo "2590"]

1.e4 e5 2.Nf3 Nc6 3.Bb5 a6 4.Ba4 Nf6 5.O-O b5 6.Bb3 Bb7 7.d3 Be7 8.Nc3 d6
9.a4 b4 10.Nd5 Nxd5 11.Bxd5 Na5 12.Bxb7 Nxb7 13.d4 Bf6 14.dxe5 dxe5 15.Qe2 Qd6
16.Rd1 Qc6 17.Rd5 O-O 18.Nxe5 Bxe5 19.Rxe5 Rfe8 20.Rxe8+ Rxe8 21.f3 f5 22.e5 Qc5+
23.Kf1 Qxe5 24.Qxe5 Rxe5 25.Bd2 c5 26.c3 a5 27.Re1 Rd5 28.Bf4 Kf7 29.Re5 Rd1+
30.Kf2 Rb1 31.Rxf5+ Kg6 32.Re5 Rxb2+ 33.Re2 bxc3 34.Be5 Rxe2+ 35.Kxe2 c4
36.Bxc3 Nc5 37.Ke3 Nxa4 38.Bxa5 Nc5 39.Bc3 Ne6 40.Ke4 Kf7 41.Be5 g6 42.Kd5 c3  1/2-1/2

[Event "Dortmund-B"]
[Site "Dortmund"]
[Date "1987.??.??"]
[Round "?"]
[White "Prandstetter, Eduard"]
[Black "Mainka, Gregor"]
[Result "1-0"]
[WhiteElo "2430"]
[BlackElo "2305"]

1.e4 e5 2.Nf3 Nc6 3.Bb5 a6 4.Ba4 Nf6 5.O-O b5 6.Bb3 Bb7 7.Re1 Bc5 8.c3 d6
9.d4 Bb6 10.Bg5 h6 11.Bh4 Qd7 12.a4 O-O-O 13.axb5 axb5 14.Na3 g5 15.Bg3 Rhe8
16.d5 Ne7 17.c4 Qg4 18.Qc2 Ng6 19.cxb5 h5 20.Nc4 Bc5 21.Ncxe5 Qxg3 22.hxg3 Nxe5
23.Nxe5 Rxe5 24.b6 Bxb6 25.Ba4  1-0

[Event "Dortmund op"]
[Site "Dortmund"]
[Date "1987.??.??"]
[Round "7"]
[White "Kindermann, Stefan"]
[Black "Davidovic, Aleksandar"]
[Result "0-1"]
[WhiteElo "2520"]
[BlackElo "2400"]

1.e4 e5 2.Nf3 Nc6 3.Bb5 a6 4.Ba4 Nf6 5.O-O b5 6.Bb3 Bb7 7.d3 Be7 8.c3 O-O
9.Re1 Re8 10.Ng5 Rf8 11.f4 d6 12.Qe2 Na5 13.Bc2 c5 14.Nf3 Nd7 15.f5 d5 16.Nbd2 d4
17.cxd4 cxd4 18.Nf1 b4 19.g4 h6 20.Bd2 Bc6 21.h4 Rc8 22.Rac1 f6 23.Ng3 Bb5
24.Kh1 Rc6 25.Bb1 Kf7 26.Kg2 Ba4 27.Rxc6 Nxc6 28.g5 hxg5 29.hxg5 Rh8 30.g6+ Ke8
31.Rh1 Rxh1 32.Kxh1 Nc5 33.Qh2 Kd7 34.Qh7 Bf8 35.Bh6 Qe7 36.Bxg7 Qxg7 37.Nh5 Qe7
38.Nxf6+ Kd6 39.Nd5 Qxh7+ 40.gxh7 Bg7 41.Nh4 Nd8 42.Ng6 Nf7 43.Nxb4 Nh8 44.Nxh8 Bxh8
45.Kg1 Bb5 46.Nd5 Nxd3 47.a4 Bc4 48.b3 Bxd5 49.Bxd3 Bxb3 50.a5 Kc5 51.Kf2 Bc4  0-1

[Event "Frunze"]
[Site "Frunze"]
[Date "1987.??.??"]
[Round "?"]
[White "Yurtaev, Leonid"]
[Black "Kuzmin, Gennadi P"]
[Result "1/2-1/2"]
[WhiteElo "2460"]
[BlackElo "2470"]

1.e4 e5 2.Nf3 Nc6 3.Bb5 a6 4.Ba4 Nf6 5.O-O b5 6.Bb3 Bb7 7.c3 Nxe4 8.d4 Be7
9.Re1 d5 10.dxe5 Na5 11.Bc2 O-O 12.Nd4 Qc8 13.f3 c5 14.fxe4 cxd4 15.exd5 Bxd5
16.cxd4 b4 17.Nd2 Rd8 18.Ne4 Nc6 19.Nf6+ Bxf6 20.exf6 g6 21.Be3 Rd6 22.Bb3 Qf5
23.Rc1 Qxf6 24.Rxc6 Bxc6 25.Rf1 Qe7 26.Bxf7+ Kg7 27.Bf4 Qe4 28.Qd2 Rd7 29.Bh6+ Kh8
30.Bg5 Kg7 31.Bh6+ Kh8 32.d5 Bxd5 33.b3 Bb7 34.Qb2+ Qd4+ 35.Qxd4+ Rxd4 36.Bg5 Kg7
37.Bf6+ Kxf7 38.Bxd4+ Kg8  1/2-1/2

[Event "Gausdal zt"]
[Site "Gausdal"]
[Date "1987.??.??"]
[Round "?"]
[White "Hellers, Ferdinand"]
[Black "Mortensen, Erling"]
[Result "1-0"]
[WhiteElo "2465"]
[BlackElo "2440"]

1.e4 e5 2.Nf3 Nc6 3.Bb5 a6 4.Ba4 Nf6 5.O-O b5 6.Bb3 Bb7 7.c3 Nxe4 8.d4 Na5
9.Bc2 exd4 10.Bxe4 Bxe4 11.Re1 d5 12.Nxd4 c5 13.f3 cxd4 14.fxe4 dxe4 15.Qg4 Qd5
16.Rxe4+ Be7 17.cxd4 f6 18.Bd2 Nc6 19.Nc3 Qf7 20.Rf1 O-O 21.d5 Bc5+ 22.Be3 Bxe3+
23.Rxe3 Ne5 24.Qg3 Qa7 25.Kh1 Rad8 26.Re4 Qb6 27.a3 a5 28.Rd1 Rfe8 29.h3 Nc4
30.Rxe8+ Rxe8 31.d6 b4 32.axb4 axb4 33.d7 Rd8 34.Nd5 Qd6 35.Qb3 Qc5 36.Nf4 Kf7
37.Rc1  1-0

[Event "Medellin"]
[Site "Medellin"]
[Date "1987.??.??"]
[Round "?"]
[White "Zapata, Alonso"]
[Black "Castro Rojas, Oscar Humberto"]
[Result "1-0"]
[WhiteElo "2505"]
[BlackElo "2365"]

1.e4 Nc6 2.Nf3 e5 3.Bb5 a6 4.Ba4 Nf6 5.O-O b5 6.Bb3 Bb7 7.c3 Be7 8.Qe2 O-O
9.d4 d6 10.Rd1 exd4 11.cxd4 d5 12.e5 Ne4 13.Nc3 Na5 14.Bc2 f5 15.exf6 Bxf6
16.Bf4 Qe7 17.Nxe4 dxe4 18.Ne5 c5 19.Bxe4 Rae8 20.Bxb7 Qxb7 21.Qg4 Re7 22.Bg5 Bxg5
23.Qxg5 Re6 24.dxc5 Qe4 25.Nd7 Rfe8 26.h3 Kh8 27.Qd5 Qf4 28.Qd2 Qc7 29.Nb6 Qxc5
30.Qxa5 Qxb6 31.Qxb6 Rxb6 32.Rd2 h6  1-0

[Event "Moscow-A"]
[Site "Moscow"]
[Date "1987.??.??"]
[Round "?"]
[White "Romanishin, Oleg M"]
[Black "Malaniuk, Vladimir P"]
[Result "1/2-1/2"]
[WhiteElo "2570"]
[BlackElo "2575"]

1.e4 e5 2.Nf3 Nc6 3.Bb5 a6 4.Ba4 Nf6 5.O-O b5 6.Bb3 Bb7 7.d3 Be7 8.c4 bxc4
9.Bxc4 O-O 10.Nc3 d6 11.a3 Na5 12.Ba2 c5 13.Nd5 Nc6 14.Ne3 Qd7 15.Nf5 Bd8
16.Bg5 Ne8 17.Be3 Ne7 18.N3h4 Nxf5 19.Nxf5 Bf6 20.Qd2 Nc7 21.b4 cxb4 22.Qxb4 d5
23.Rfc1 Nb5 24.a4 Nd4 25.Bxd4 exd4 26.Nd6 Rab8 27.Rab1 a5 28.Qb6 Bd8 29.Qc5 dxe4
30.Nxe4 Rc8  1/2-1/2

[Event "Nuremberg op"]
[Site "Nuremberg"]
[Date "1987.??.??"]
[Round "4"]
[White "Seibold, Hubert"]
[Black "Mathe, Gaspar"]
[Result "0-1"]
[WhiteElo "2220"]
[BlackElo "2375"]

1.e4 e5 2.Nf3 Nc6 3.Bb5 a6 4.Ba4 Nf6 5.O-O b5 6.Bb3 Bb7 7.Re1 Bc5 8.c3 d6
9.d4 Bb6 10.a4 h6 11.h3 O-O 12.Bc2 exd4 13.Nxd4 Re8 14.axb5 axb5 15.Rxa8 Qxa8
16.Nf5 Ne7 17.Ng3 Ng6 18.Qd3 Bc6 19.Be3 Nxe4 20.Bxb6 Ne5 21.Qd1 Nxg3 22.Bxc7 Bxg2
23.Rxe5 Rxe5 24.fxg3 Bxh3 25.Qd2 Re1+ 26.Kf2 Qg2+  0-1

[Event "POL-ch"]
[Site "?"]
[Date "1987.??.??"]
[Round "?"]
[White "Hawelko, Marek"]
[Black "Panczyk, Krzysztof"]
[Result "1-0"]
[WhiteElo "2460"]
[BlackElo "2410"]

1.e4 e5 2.Nf3 Nc6 3.Bb5 a6 4.Ba4 Nf6 5.O-O b5 6.Bb3 Bb7 7.d4 Nxd4 8.Nxd4 exd4
9.e5 Ne4 10.c3 d3 11.Qf3 Qe7 12.Nd2 Nc5 13.Bd5 c6 14.Ne4 Nxe4 15.Bxe4 Qxe5
16.Bf4 Qf6 17.Qg3 h6 18.Rae1 O-O-O 19.Bc7 Re8 20.Bb8 d6 21.Bf5+ Kd8 22.Rxe8+ Kxe8
23.Re1+ Kd8 24.Qe3  1-0

[Event "Reykjavik"]
[Site "Reykjavik"]
[Date "1987.??.??"]
[Round "?"]
[White "Arnason, Jon L"]
[Black "Timman, Jan H"]
[Result "0-1"]
[WhiteElo "2540"]
[BlackElo "2590"]

1.e4 e5 2.Nf3 Nc6 3.Bb5 a6 4.Ba4 Nf6 5.O-O b5 6.Bb3 Bb7 7.Re1 Bc5 8.c3 d6
9.d4 Bb6 10.a4 h6 11.Nh4 Ne7 12.Qd3 Qd7 13.h3 O-O-O 14.axb5 axb5 15.Bxf7 Rhf8
16.Bb3 d5 17.exd5 e4 18.Qe2 Rde8 19.c4 bxc4 20.Bxc4 g5 21.Ba6 Bxa6 22.Qxa6+ Kd8
23.Qa8+ Qc8 24.d6 cxd6 25.Qa3 Qc6 26.Be3 gxh4 27.Rc1 Qd7 28.Qb3 Qb7 29.Nc3 Nd7
30.Nb5 Nf5 31.Na7 Ne7 32.d5 Nc5 33.Bxc5 dxc5 34.Rxc5 Rxf2 35.Kh1 Ref8 36.d6 Rf1+
37.Rxf1 Rxf1+ 38.Kh2 Qb8 39.Qe6 Rf7 40.Rf5 Bc5 41.Rxf7 Qxd6+ 42.Qxd6+ Bxd6+
43.Kh1 e3 44.Kg1 Bc5  0-1

[Event "Riga op"]
[Site "Riga"]
[Date "1987.??.??"]
[Round "?"]
[White "Sokolov, Andrei"]
[Black "Kuzmin, Gennadi P"]
[Result "0-1"]
[WhiteElo "2645"]
[BlackElo "2470"]

1.e4 e5 2.Nf3 Nc6 3.Bb5 a6 4.Ba4 Nf6 5.O-O b5 6.Bb3 Bb7 7.d3 Be7 8.Nc3 O-O
9.a4 b4 10.Ne2 d6 11.a5 Nd7 12.Be3 Nc5  0-1

[Event "Riga op"]
[Site "Riga"]
[Date "1987.??.??"]
[Round "15"]
[White "Sokolov, Andrei"]
[Black "Kuzmin, Gennadi P"]
[Result "0-1"]
[WhiteElo "2645"]
[BlackElo "2470"]

1.e4 e5 2.Nf3 Nc6 3.Bb5 a6 4.Ba4 Nf6 5.O-O b5 6.Bb3 Bb7 7.d3 Be7 8.Nc3 O-O
9.a4 b4 10.Ne2 d6 11.a5 Nd7 12.Bd2 Nc5 13.Bd5 Rb8 14.Ng3 Kh8 15.Nf5 Bf6 16.Ne3 g6
17.Ng4 Bg7 18.Ng5 Qe7 19.Qf3 f5 20.Qh3 h5 21.exf5 Rxf5 22.Ne4 Nd4 23.Bxb7 Nxb7
24.Ne3 Rff8 25.Bxb4 Nd8 26.Bc3 Ne2+ 27.Kh1 Ne6 28.g3 c6 29.Rae1 Nxc3 30.bxc3 d5
31.Nd2 e4 32.d4 Ng5 33.Qg2 Qa3 34.Nd1 Qxa5 35.f3 exf3 36.Nxf3 Ne4 37.Ne5 Bxe5
38.dxe5 Qc5 39.g4 h4 40.g5 Rxf1+ 41.Rxf1 Rf8 42.Rxf8+ Qxf8 43.Qh3 Kg8 44.Kg2 Nxg5
45.Qg4 Qf5 46.Qxf5 gxf5 47.Ne3 f4 48.Nf5 a5 49.Ne7+ Kf7 50.Nxc6 a4 51.Nb4 Ke6  0-1

[Event "Tashkent Hodzhaev"]
[Site "Tashkent"]
[Date "1987.??.??"]
[Round "?"]
[White "Ziatdinov, Raset"]
[Black "Kuzmin, Alexey"]
[Result "0-1"]
[WhiteElo "2365"]
[BlackElo "2440"]

1.e4 e5 2.Nf3 Nc6 3.Bb5 a6 4.Ba4 Nf6 5.O-O b5 6.Bb3 Bb7 7.c3 Nxe4 8.d4 Be7
9.Re1 d5 10.dxe5 Bc5 11.Be3 Bxe3 12.Rxe3 Na5 13.Nbd2 O-O 14.Bc2 f5 15.exf6 Nxf6
16.Ng5 d4 17.cxd4 Qxd4 18.Bf5 Qf4 19.Be6+ Kh8 20.Nf7+ Rxf7 21.Bxf7 Ng4 22.Rg3 Qxf2+
23.Kh1 Qxg3 24.hxg3 Nf2+ 25.Kg1 Nxd1 26.Rxd1 Rd8 27.Re1 Bxg2 28.Kxg2 Rxd2+
29.Kf3 g6 30.Re7 c5 31.Rc7 Kg7 32.g4 Kf6 33.Bg8 h6 34.Rxc5 Rxb2 35.Bd5 Rb4
36.Rc8 Rd4 37.Ra8 Kg5 38.Rxa6 Nc4 39.Bxc4 Rf4+ 40.Ke3 Rxc4 41.Ra5 Kxg4  0-1

[Event "Tirnavia-B"]
[Site "Trnava"]
[Date "1987.??.??"]
[Round "3"]
[White "Lanka, Zigurds"]
[Black "Roth, Peter"]
[Result "1/2-1/2"]
[WhiteElo "2375"]
[BlackElo "2315"]

1.e4 e5 2.Nf3 Nc6 3.Bb5 a6 4.Ba4 Nf6 5.O-O b5 6.Bb3 Bb7 7.d3 h6 8.Nc3 d6
9.a4 b4 10.Nd5 Nxd5 11.Bxd5 Na5 12.Bxb7 Nxb7 13.d4 exd4 14.Qxd4 c5 15.Qd5 Qc7
16.Bf4 Be7 17.Nd2 O-O 18.Nc4 Rad8 19.Rad1 Rfe8 20.Rd3 Bf8 21.Rfd1 Re6 22.b3 Rde8
23.f3 Rd8 24.Bg3 Rde8 25.h3 g6 26.Kh1 Kh7 27.Re3 Qe7 28.Red3 Qc7 29.Bf4 Rf6
30.Bh2 Rfe6 31.R3d2 Kg8 32.Qd3 Qc6 33.Qd5 Qc7 34.g4 Qe7 35.Bg3 Rd8 36.h4 Bg7
37.h5 Bc3 38.Rh2 g5 39.Ne3 Be5 40.Rg2 Qc7 41.Bh2 Bxh2 42.Rxh2 Na5 43.Qd3 Qb7
44.Rhd2 Nc6 45.Nf5 Ne5 46.Qe3 Qc7 47.Rd5 Kh7 48.R1d2 c4 49.Kg2 cxb3 50.cxb3 Qc1
51.Qf2 Rc8 52.Rd1 Qf4 53.Nd4  1/2-1/2

[Event "POL-ch (Women)"]
[Site "Wroclaw"]
[Date "1987.??.??"]
[Round "5"]
[White "Bos Swiecik, Iwona"]
[Black "Strzalka, Joanna"]
[Result "1-0"]
[WhiteElo "2140"]
[BlackElo "2170"]

1.e4 e5 2.Nf3 Nc6 3.Bb5 a6 4.Ba4 Nf6 5.O-O b5 6.Bb3 Bb7 7.Re1 Bc5 8.c3 Bb6
9.d4 d6 10.Bg5 h6 11.Bh4 Qd7 12.a4 O-O-O 13.axb5 axb5 14.Na3 g5 15.Bg3 h5
16.dxe5 h4 17.exf6 hxg3 18.hxg3 Rh6 19.Nxb5 Rdh8 20.Kf1 Rxf6 21.Bd5 g4 22.Nfd4 Nxd4
23.Bxb7+ Kxb7 24.Nxd4 c5 25.Nf5 Rh1+ 26.Ke2 Qb5+ 27.Kd2 Qxb2+ 28.Qc2 Qxc2+
29.Kxc2 Rh2 30.c4 Rxg2 31.Re2 Rh2 32.Rd1 Kc7 33.Ra1 Kb7 34.Kd3 Rh8 35.Rb2 Rb8
36.Rab1 Kc7 37.Ne3 Rf3 38.Ke2 Ba7 39.Rxb8 Bxb8 40.Nxg4 Rc3 41.Ne3 Kc8 42.Rh1 Kd7
43.Rh7 Ke6 44.f4 Rb3 45.Rh6+ Kd7 46.Rf6 Ke7 47.Nd5+ Ke8 48.g4 Rb2+ 49.Kf3 Rb3+
50.Ne3 Bc7 51.g5 Ke7 52.Ke2 Rb2+ 53.Kd1 Ke8 54.Rh6 Kf8 55.Nf5 Ke8 56.Rh8+ Kd7
57.Rf8  1-0

[Event "POL-ch (Women)"]
[Site "Wroclaw"]
[Date "1987.??.??"]
[Round "7"]
[White "Jalowiec, Halina"]
[Black "Strzalka, Joanna"]
[Result "0-1"]
[WhiteElo "2000"]
[BlackElo "2170"]

1.e4 e5 2.Nf3 Nc6 3.Bb5 a6 4.Ba4 Nf6 5.O-O b5 6.Bb3 Bb7 7.c3 Be7 8.Re1 h6
9.d4 d6 10.Nbd2 Qd7 11.Nf1 g5 12.dxe5 Nxe5 13.Nxe5 dxe5 14.Qxd7+ Nxd7 15.Ng3 Bc5
16.Nf5 Nf6 17.Bc2 O-O-O 18.b4 Bb6 19.h3 Rd7 20.a4 g4 21.axb5 axb5 22.Bxh6 g3
23.Be3 gxf2+ 24.Bxf2 Rd2 25.Bxb6 Rxc2 26.Bc5 Nxe4 27.Rec1 Rxg2+ 28.Kxg2 Nxc5+
29.Kh2 Nb3 30.Ne7+ Kb8 31.Nf5 Nxa1 32.Rxa1 Bc8 33.Rf1 Rh5 34.Ng3 Rxh3+ 35.Kg2 Rh7
36.Rf6 Bb7+ 37.Kf2 Bd5 38.Rf5 Rh2+ 39.Ke3 Rc2 40.Kd3 Rg2 41.Ne4 Bc4+ 42.Ke3 Re2+
43.Kf3 Bd3 44.Rxe5 Rxe4 45.Rd5 Bb1 46.Rd1 Rc4 47.Rxb1 Rxc3+ 48.Ke4 Kb7 49.Kd5 Rc4
50.Ke5 Kc6 51.Rb2 Kb6 52.Rb1 Rc2 53.Rf1 Rc4 54.Rb1 c5  0-1

[Event "POL-ch (Women)"]
[Site "Wroclaw"]
[Date "1987.??.??"]
[Round "11"]
[White "Leszner, Liliana"]
[Black "Strzalka, Joanna"]
[Result "1/2-1/2"]
[WhiteElo "2190"]
[BlackElo "2170"]

1.e4 e5 2.Nf3 Nc6 3.Bb5 a6 4.Ba4 Nf6 5.O-O b5 6.Bb3 Bb7 7.Re1 Bc5 8.c3 Bb6
9.d4 d6 10.Bg5 h6 11.Bh4 Qd7 12.a4 O-O-O 13.axb5 axb5 14.Na3 g5 15.Bg3 h5
16.h4 gxh4 17.Bxh4 Rh6 18.Ng5 Rg6 19.Nxb5 Na5 20.Ba4 c6 21.Nxd6+ Qxd6 22.Nxf7 Qe6
23.Nxd8 Bxd8 24.b4 Nxe4 25.Rxe4 c5 26.dxe5 Bxh4 27.Bd7+ Qxd7 28.Qxd7+ Kxd7
29.Rxh4 Nc6 30.Rxh5 cxb4 31.cxb4 Nxb4 32.Rh7+ Kc8 33.g3 Nd3 34.Rd1 Nxe5 35.Rc1+ Bc6
36.Kf1 Re6 37.Rh4 Nd3 38.Rd1 Ne5 39.f4 Bb5+ 40.Kg2 Nd3 41.Rd2 Re3 42.Rh6 Kd7
43.Kh3 Ke7 44.Kh4 Kf7 45.Rb6 Bc4 46.Rc2 Be6 47.Rc7+ Kf6 48.Rc3 Nxf4 49.Rxe6+ Rxe6
50.gxf4 Re1 51.Rc5 Rg1 52.Kh5 Rh1+ 53.Kg4 Rg1+ 54.Kf3 Rf1+ 55.Ke3 Re1+ 56.Kf2 Ra1
57.Rc3 Kf5 58.Rf3  1/2-1/2

[Event "Baku"]
[Site "Baku"]
[Date "1988.??.??"]
[Round "?"]
[White "Zolnierowicz, Krzysztof"]
[Black "Malaniuk, Vladimir P"]
[Result "1/2-1/2"]
[WhiteElo "2440"]
[BlackElo "2520"]

1.e4 e5 2.Nf3 Nc6 3.Bb5 a6 4.Ba4 Nf6 5.O-O b5 6.Bb3 Bb7 7.c3 h6 8.d4 d6 9.Re1 g6
10.Nbd2 Bg7 11.Bc2 O-O 12.d5 Ne7 13.c4 c6 14.dxc6 Bxc6 15.b3 Nd7 16.Ba3 Qb8
17.cxb5 axb5 18.Bb4 Nc5 19.Nb1 Rd8 20.Nc3 Na6 21.Ba5 Rd7 22.b4 d5 23.Nxd5 Nxd5
24.exd5 Bxd5 25.Rc1 Nc5 26.Qe2 Ne6 27.Nxe5 Re7 28.Nf3 Raa7 29.Be4 Nf4 30.Qc2 Bc4
31.Rcd1 Rad7 32.Rxd7 Rxd7 33.Bc6 Qd6 34.Bxd7 Qxd7 35.h3 Bd5 36.Bc7 Nxh3+
37.Kh2 Bxf3 38.gxh3 Bb7 39.Be5 Qd5 40.f4 f6 41.Bxf6 Qf7 42.Bxg7 Qxf4+ 43.Kg1 Qg3+
44.Kf1 Qxh3+ 45.Ke2 Bf3+ 46.Kd2 Qh2+ 47.Kc1 Qxc2+ 48.Kxc2 Kxg7 49.Re5 Bg2
50.Rxb5 h5 51.Rg5 Bb7 52.Kd2 h4 53.Rb5 Bg2 54.Rc5 h3 55.Rc7+ Kh6 56.Rc8 Kg5
57.Rh8 Kf4 58.b5 g5 59.b6 Kg3 60.a4 h2 61.a5 Bb7 62.Ke3 g4 63.Kd4 Kg2 64.Kc5 g3  1/2-1/2

[Event "GMA-Open"]
[Site "Belgrade"]
[Date "1988.??.??"]
[Round "?"]
[White "Vasiukov, Evgeni"]
[Black "Rantanen, Yrjo A"]
[Result "1-0"]
[WhiteElo "2485"]
[BlackElo "2370"]

1.e4 e5 2.Nf3 Nc6 3.Bb5 a6 4.Ba4 Nf6 5.O-O b5 6.Bb3 Bb7 7.d3 Be7 8.Re1 O-O
9.Nbd2 Re8 10.Nf1 Bf8 11.c3 Na5 12.Bc2 d5 13.Qe2 c5 14.Ng3 d4 15.cxd4 cxd4
16.Bd2 Rc8 17.Rec1 b4 18.Qe1 Qb6 19.a3 Nc6 20.Ba4 a5 21.Qd1 Nd7 22.axb4 axb4
23.Nf5 Nc5 24.Ng5 Rc7 25.Qh5 h6 26.Nxf7 Rxf7 27.Rxc5 Bxc5 28.Qg6 Kf8 29.Bxh6 Ree7
30.Qh7 Ke8 31.Qg8+ Kd7 32.Nxe7 Kxe7 33.Bg5+  1-0

[Event "GMA-Open"]
[Site "Belgrade"]
[Date "1988.??.??"]
[Round "?"]
[White "Rogulj, Branko"]
[Black "Yakovich, Yuri"]
[Result "1/2-1/2"]
[WhiteElo "2355"]
[BlackElo "2450"]

1.e4 e5 2.Nf3 Nc6 3.Bb5 a6 4.Ba4 Nf6 5.O-O b5 6.Bb3 Bb7 7.Re1 Bc5 8.c3 d6
9.d4 Bb6 10.Bg5 h6 11.Bh4 Qd7 12.a4 O-O-O 13.axb5 axb5 14.Na3 g5 15.Bg3 h5
16.h4 gxh4 17.Bxh4 Rh6 18.dxe5 Nxe5 19.Nxe5 dxe5 20.Qxd7+ Rxd7 21.Rad1 Nxe4
22.Rxd7 Kxd7 23.Bxf7 Nxf2 24.Be8+ Kxe8 25.Rxe5+ Kd7 26.Bxf2 Rg6 27.Bxb6 Rxg2+
28.Kf1 cxb6 29.Rxb5 Kc7 30.Rxh5 Rxb2 31.c4 Be4 32.Ke1 Kc6 33.Rh4 Bd3 34.Rh3 Rb3
35.Kd2  1/2-1/2

[Event "CUB-ch"]
[Site "?"]
[Date "1988.??.??"]
[Round "?"]
[White "Schwiep, Jose"]
[Black "Lugo, Blas"]
[Result "0-1"]
[WhiteElo "2300"]
[BlackElo "2305"]

1.e4 e5 2.Nf3 Nc6 3.Bb5 a6 4.Ba4 Nf6 5.O-O b5 6.Bb3 Bb7 7.d4 Nxd4 8.Bxf7+ Kxf7
9.Nxe5+ Kg8 10.Qxd4 c5 11.Qd1 Qe8 12.Nf3 Qxe4 13.Bg5 Qf5 14.Nbd2 Re8 15.c3 h6
16.Bxf6 Qxf6 17.a3 g5 18.b4 cxb4 19.cxb4 Rh7 20.Qb3+ Rf7 21.Qd3 g4 22.Nd4 Bg7
23.N2b3 Bd5 24.Qg3 Qg5 25.Rad1 Be5 26.h4 gxh3 27.Qxh3 Ref8 28.Rd2 Rg7 29.g3 Bxd4  0-1

[Event "Dortmund-B"]
[Site "Dortmund"]
[Date "1988.??.??"]
[Round "?"]
[White "Tolnai, Tibor"]
[Black "Mainka, Gregor"]
[Result "1-0"]
[WhiteElo "2465"]
[BlackElo "2260"]

1.e4 e5 2.Nf3 Nc6 3.Bb5 a6 4.Ba4 Nf6 5.O-O b5 6.Bb3 Bb7 7.c3 Nxe4 8.Re1 Nc5
9.Nxe5 Nxe5 10.Rxe5+ Be7 11.Bc2 d6 12.Re1 O-O 13.d4 Ne6 14.Nd2 c5 15.Nf3 Re8
16.Be3 Qc7 17.d5 Nf8 18.a4 Bf6 19.Qd2 g6 20.h4 Nd7 21.h5 Nb6 22.Bg5 Bg7 23.hxg6 hxg6
24.axb5 axb5 25.Rxa8 Rxa8 26.Re7 Qc8 27.Qf4 Bxd5 28.Bxg6 fxg6 29.Bf6 Bf7
30.Bxg7 Qf5 31.Qh6 Qh5 32.Qxh5 gxh5 33.Bh6 Nc4 34.Ng5 Bd5  1-0